Modernidad, universidad y pensamiento crítico (Registro nro. 21708)

Detalles MARC
000 -LEADER
fixed length control field 00325 a2200109 4500
001 - CONTROL NUMBER
control field ART_41789
005 - DATE AND TIME OF LATEST TRANSACTION
control field 20260410161814.0
008 - FIXED-LENGTH DATA ELEMENTS--GENERAL INFORMATION
fixed length control field 260409a
100 1# - MAIN ENTRY--PERSONAL NAME
Personal name D'Auria, Aníbal
245 10 - TITLE STATEMENT
Title Modernidad, universidad y pensamiento crítico
773 0# - HOST ITEM ENTRY
Title Academia
Related parts - Año 12, Nº 23 (ene./jun. 2014)
Record control number REV4314

No hay ítems disponibles.